Statystyki dla Skład Borussi Dortmund 2019/20

Kliknij tutaj aby rozwiązać quiz!

Ogólne statystyki

  • Ten quiz został rozwiązany 428 razy
  • Średni wynik to 18 z 23

Statystyki odpowiedzi

NumerKrajPiłkarz% Poprawnych
26PolskaPiszczek
98%
1SzwajcariaBurki
97%
7AngliaSancho
95%
11NiemcyReus
94%
17NorwegiaHaaland
93%
15NiemcyHummels
91%
5MarokoHakimi
90%
23BelgiaHazard
89%
16SzwajcariaAkanji
85%
28BelgiaWitsel
84%
13PortugaliaGuerreiro
83%
6DaniaDelaney
78%
10NiemcyGotze
77%
32USAReyna
75%
35SzwajcariaHitz
73%
19NiemcyBrandt
71%
2FrancjaZagadou
68%
29NiemcySchmelzer
66%
8NiemcyDahoud
61%
27NiemcyCan
60%
18ArgentynaBalerdi
55%
22HiszpaniaMorey
55%
14NiemcySchulz
55%

Rozkład punktacji

Percentyl według liczby udzielonych odpowiedzi

Procent ludzi z każdym wynikiem

Twoja historia wyników

Nie rozwiązałeś tego quizu